| 000 | 00338nam a2200121Ia 4500 | ||
|---|---|---|---|
| 008 | 220217s9999||||xx |||||||||||||| ||und|| | ||
| 082 | _a620.11 | ||
| 100 | _aBanwait S.S and Laroiya S.C | ||
| 245 | 0 | _aProperties of refrigeant and psychometric | |
| 260 |
_aBirla _bNew Delhi _c2012 |
||
| 300 |
_a64p. _b90 |
||
| 650 | _aMaterial Science | ||
| 999 |
_c185847 _d185847 |
||